000 00739nam a22002297a 4500
005 20130411120554.0
008 130411b xxu||||| |||| 00| 0 eng d
010 _aENG-106833
020 _a9789350514733
_c850.00
035 _aEN-90366
037 _bDBAD/PUB
040 _aDPL
_bEng
082 _a658.314
245 _aEmployee engagement and HR initiatives /
_cedited by B.N. Mishra [and] S.K. Tripathy
260 _aMumbai
_bHimalaya Publishing House
_c2011
270 _a'Ramdoot', Dr. Bhalerao Marg, Girgaon
_bMumbai
_e400004
300 _a231p. :
_c24cm(Hb)
_bill.
500 _aIncludes bibliographical references
700 _aMishra, B.N.
700 _aTripathy, S.K.
942 _2ddc
_cEN
_h658.314
_mEMP
999 _c74390
_d74390